| 000 | 00691nam a2200229 a 4500 | ||
|---|---|---|---|
| 001 | 18749 | ||
| 003 | CO-ViMGA | ||
| 008 | 141112s2004 ck r 000 u spa d | ||
| 020 | _a8480191236 | ||
| 040 |
_aCO-ViMGA _bspa _cCO-ViMGA |
||
| 082 | 0 | 4 | _a617.1027 E574 |
| 100 | 1 |
_aEisingbach, Thomas _926732 |
|
| 245 | 1 | 0 |
_aLa Recuperación Muscular : _ben la fisioterapia y en la rehabilitación |
| 260 |
_aBarcelona : _bPaidotribo; 1998 |
||
| 300 | _a178 p. | ||
| 490 | _aColección medicina deportiva | ||
| 590 | _aForma de adquisición : Premio Min - cultura | ||
| 650 | 1 | 4 |
_aFISIOTERAPIA _953971 |
| 650 | 1 | 4 |
_aMEDICINA DEPORTIVA _93224 |
| 650 | 1 | 4 |
_aREHABILITACION _926733 |
| 942 |
_2ddc _cBK |
||
| 999 |
_c27981 _d27981 |
||